| 000 | 00462nam a22001697a 4500 | ||
|---|---|---|---|
| 003 | NUST - PNEC | ||
| 005 | 20170116181037.0 | ||
| 008 | 150919b xxu||||| |||| 00| 0 eng d | ||
| 020 | _a0905228170 | ||
| 040 | _cLIBRARY | ||
| 082 | _a621.3878 KAI | ||
| 100 |
_911484 _aKaiser, Rudolf |
||
| 245 |
_aOperational testing in telecommunications: Vol 1 _cRudolf Kaiser |
||
| 260 | _cc.1982 | ||
| 650 |
_911486 _aTelecommunication systems _xMS COM |
||
| 942 |
_2ddc _cBK |
||
| 999 |
_c68000 _d68000 |
||